Ověření metodiky hodnocení konkurenceschopnosti podniku v podmínkách udržitelného rozvoje v praxi

Hodnotenie konkurencieschopnosti podnikov v podmienkach udržateľného rozvoja metódou marketingového auditu. Overenie navrhnutej metodiky. Výsledky hodnotenia environmentálnej konkurencieschopnosti podnikov podľa hlavných identifikačných údajov.

Gespeichert in:
Bibliographische Detailangaben
1. Verfasser: Kožená, Marcela
Format: Buchkapitel
Sprache:Tschechisch
Schlagworte:
Tags: Tag hinzufügen
Keine Tags, Fügen Sie das erste Tag hinzu!

MARC

LEADER 00000naa$a2200000$$$4500
001 0006193
005 20231004104237.4
041 0 |a cze 
044 |a CZ 
245 1 0 |a Ověření metodiky hodnocení konkurenceschopnosti podniku v podmínkách udržitelného rozvoje v praxi  |c aut. Marcela Kožená 
520 |a Hodnotenie konkurencieschopnosti podnikov v podmienkach udržateľného rozvoja metódou marketingového auditu. Overenie navrhnutej metodiky. Výsledky hodnotenia environmentálnej konkurencieschopnosti podnikov podľa hlavných identifikačných údajov. 
610 2 0 |a konkurencieschopnosť 
610 2 0 |a podnik 
610 2 0 |a rozvoj trvalo udržateľný 
610 2 0 |a audit 
610 2 0 |a marketing 
610 2 0 |a metodika 
100 1 |a Kožená, Marcela